I capovolti /

שמור ב:
מידע ביבליוגרפי
מחבר ראשי: Frank, Marcello (Author)
פורמט: ספר
שפה:איטלקית
יצא לאור: Bologna : I manoscritti, 1963
סדרה:I manoscritti di narrativa
תגים: הוספת תג
אין תגיות, היה/י הראשונ/ה לתייג את הרשומה!

MARC

LEADER 00000nam a22000007i 4500
001 IT\ICCU\UBO\3194390
003 ItRI
005 20260115232347.0
008 070427s1993 it |||||| ||||| |||||c
040 |b ita  |c importazione bologna sebina 
041 7 |a ita  |2 ISO-639-2 
100 1 |a Frank, Marcello  |0 IT\ICCU\UBOV\138572  |4 aut 
245 1 2 |a I capovolti /  |c romanzo di Marcello Frank. 
260 |a Bologna :  |b I manoscritti,  |c 1963 
300 |a 90 p. ;  |c 21 cm. 
830 2 |a I manoscritti di narrativa  |0 IT\ICCU\UBO\3194395 
942 |2 ddc  |c BK  |n 0 
952 |0 0  |1 0  |4 0  |6 DOC_853_914000000000000_FRA  |7 0  |9 24805  |a BO  |b BO  |d 2026-01-15  |i 963  |l 0  |o DOC 853.914 FRA  |p BO963  |r 2026-01-15 23:23:47  |w 2026-01-15  |x [Sebina 7] [1 v.]  |y BK  |z 1 v. 
999 |c 21083  |d 21083